000 00876nam a22002057a 4500
999 _c17431
_d17431
005 20251125232856.0
008 s2531 th tha d
020 _a9745032492
040 _aNALT
041 _atha
245 1 0 _aประกาศของคณะปฎิวัติ ฉบับที่ 132 เรื่อง ควบคุมนักเรียนและนักศึกษา
260 3 _aกรุงเทพฯ :
_bสูตรไพศาล,
_c2531
300 _a1 เล่ม :
_b ตาราง ;
_c 26 ซม.
650 0 4 _aประกาศคณะปฎิวัติ -- ฉบับที่ 132 -- 2515
850 _aNALT
856 4 0 _uhttps://hdl.handle.net/20.500.14156/466223
_71
942 _cLB
_2lcc
998 _j25
_k นีลวัสน์ อินทรักษา
090 _aKQ29 ส886ป 2531